00278nam a2200097Ia 4500008004100000100003400041245003900075260005000114300000800164650000800172191201s2002 xx 000 0 und d aHARVARD BUSINESS REVIEW,PRESS 0aHiring and Keeping the Best People aN. DelhibHarvard Business Review Pressc2002 a170 aBBA